Ariane (Record no. 6042)

MARC details
000 -CABECERA
campo de control de longitud fija 00637nam a2200217 a 4500
001 - NÚMERO DE CONTROL
campo de control BRCA_6356
005 - FECHA Y HORA DE LA ÚLTIMA TRANSACCIÓN
campo de control 20190320205425.0
008 - DATOS DE LONGITUD FIJA--INFORMACIÓN GENERAL
campo de control de longitud fija 190811s1930----ag-af#####---#000-0#fre-#
041 ## - CÓDIGO DE LENGUA
Código de lengua del texto/banda sonora o título independiente fre
044 ## - CÓDIGO DEL PAÍS DE LA ENTIDAD EDITORA/PRODUCTORA
Código MARC del país fr
050 #4 - SIGNATURA TOPOGRÁFICA DE LA BIBLIOTECA DEL CONGRESO
Número de clasificación PQ2637
Número de documento/Ítem .C63 A8
-- 1930
100 1# - ENTRADA PRINCIPAL--NOMBRE DE PERSONA
Nombre de persona Anet, Claude
Fechas asociadas al nombre 1868-1931
9 (RLIN) 15931
245 10 - MENCIÓN DE TÍTULO
Título Ariane
Resto del título jeune fille russe
Mención de responsabilidad, etc. Claude Anet ; 29 bois originaux de Angelina Beloff.
260 ## - PUBLICACIÓN, DISTRIBUCIÓN, ETC.
Lugar de publicación, distribución, etc. París
Nombre del editor, distribuidor, etc. Arthème Fayard & Cie
Fecha de publicación, distribución, etc. 1930
300 ## - DESCRIPCIÓN FÍSICA
Extensión 126 p.
Otras características físicas il., 29 grabados
Dimensiones 24 cm.
440 #0 - MENCIÓN DE SERIE/PUNTO DE ACCESO ADICIONAL--TÍTULO
Título Livre de demain
9 (RLIN) 15932
500 ## - NOTA GENERAL
Nota general K148
700 1# - PUNTO DE ACCESO ADICIONAL--NOMBRE DE PERSONA
Nombre de persona Beloff, Angelina
Fecha de publicación/de la obra 1879-1969.
Término indicativo de función/relación il.
9 (RLIN) 15933
902 ## - CATALOGADOR
Iniciales GFM
942 ## - ELEMENTOS DE PUNTO DE ACCESO ADICIONAL (KOHA)
Fuente del sistema de clasificación o colocación Library of Congress Classification
Tipo de ítem Koha Libros
Holdings
Estado de retiro Estado de pérdida Estado dañado No para préstamo Localización permanente Ubicación/localización actual Fecha de adquisición Número de inventario Total de préstamos Signatura topográfica completa Código de barras Fecha visto por última vez Precio válido a partir de Tipo de ítem Koha
El ejemplar forma parte de la colección y puede ser consultado según las políticas vigentes.       Biblioteca del Museo Franz Mayer (Rogerio Casas-Alatriste) Biblioteca del Museo Franz Mayer (Rogerio Casas-Alatriste) 19/08/2011 K148   PQ2637 .C63 A8 1930 (K148) 6803 22/03/2019 22/03/2019 Libros